|
|
|
|
| LEADER |
00000nab a2200000ua 4500 |
| 001 |
vtls010824468 |
| 003 |
SK-MaSNL |
| 005 |
20260303153456.0 |
| 008 |
230222s2006 xo |||||||||||||||||slo| |
| 035 |
|
|
|a (urnnbn)urn:nbn:sk:snk:ar-a065er
|
| 035 |
|
|
|a urn:nbn:sk:snk-ab5qze
|
| 035 |
|
|
|a (uuid)8e242bbf-06a6-4af1-bd64-4da62037bf3b
|
| 040 |
|
|
|a SNKBUCL
|b slo
|c SNKBUCL
|e AACR2
|
| 041 |
0 |
|
|a slo
|
| 044 |
|
|
|a xo
|c SK
|
| 100 |
1 |
|
|a Tedlová, Eva
|4 aut
|9 1175263
|
| 245 |
1 |
0 |
|a NEŽIADUCE ÚČINKY LIEČIV NA RESPIRAČNÝ TRAKT
|c Eva Tedlová, Štefan Urban
|
| 700 |
1 |
|
|a Urban, Štefan
|4 aut
|9 279858
|
| 773 |
0 |
|
|t Via practica : moderný časopis pre lekárov prvého kontaktu
|g Roč. 3, č. 7-8 (2006), s. 356-357
|
| 954 |
|
|
|a odborná, vedecká literatúra pôvodná (slovenská)
|2 lita
|
| 958 |
|
|
|a OND
|
| 958 |
|
|
|a EUIPO
|
| 958 |
|
|
|a article5
|
| 999 |
|
|
|c 2028658
|d 2030588
|